Roller Coasters in New Jersey by Hint - Statistics

General Stats
  • This quiz has been taken 19 times
  • The average score is 17 of 48
Answer Stats
Picture Answer % Correct
Kingda Ka
94%
Joker
78%
Medusa
78%
El Toro
72%
Green Lantern
67%
Batman The Ride
61%
Jersey Devil Coaster
61%
Superman: Ultimate Flight
56%
Harley Quinn Crazy Train
50%
Nitro
50%
Skull Mountain
50%
TMNT Shellraiser
50%
Nickelodeon Slime Streak
44%
Runaway Mine Train
39%
Shredder
39%
Dark Knight
33%
Great Nor'Easter
33%
Great White
33%
Sandy’s Blasting Bronco
33%
Sea Serpent
33%
Wacky Worm
33%
GaleForce
28%
Pirates Hideaway
28%
Timmy's Half-Pipe Havoc
28%
Alpine Mountain Coaster
22%
Doo Wopper
22%
Dragon Coaster
22%
Freedom Ride
22%
FunCoaster
22%
Hang Ten
22%
Hell Cat
22%
Hot Tamales
22%
Lil' Devil Coaster
22%
Looping Star
22%
Pirates Gold Rush
22%
Runaway Tram
22%
Shark Escape
22%
Thriller
22%
Tidal Wave
22%
Twisted Timbers
22%
Whirlwind
22%
Wild Whizzer
22%
Bubbles The Coaster
17%
Hydrus
17%
Loco Motion
17%
Rollies Coaster
17%
Wild Waves
17%
Xolo Loca
17%
No matching quizzes found
Score Distribution
Percent of People with Each Score
Percentile by Number Answered
Your Score History
You have not taken this quiz